[Event "Olympiad"]
[Site "masterchessopen.com - Munich (Germany)"]
[Round "4"]
[White "Petrosian Tigran V (ARM)"]
[Black "Contedini Ennio (ITA)"]
[Result "1-0"]
[WhiteElo "2580"]
[BlackElo "2199"]

1.d4 Nf6 2.c4 e6 3.Nc3 c5 4.d5 exd5 5.cxd5 d6 6.e4 g6 7.Nf3 Bg7 8.Bg5 Qa5
9.Nd2 O-O 10.Nc4 Qd8 11.Bd3 b6 12.O-O Ba6 13.a4 Bxc4 14.Bxc4 a6 15.f4 Qc7
16.e5 Ne8 17.e6 f5 18.h3 Bd4+ 19.Kh1 Qg7 20.Qb3 h6 21.Bd8 Nf6 22.Bxf6 Bxf6
23.Qxb6 Qe7 24.a5 Ra7 25.Qb3 Rb7 26.Qc2 Rb4 27.b3 h5 28.Ra2 h4 29.Ne2 Kg7
30.Ng1 Rh8 31.Qd3 Kf8 32.Nf3 Rh5 33.Rg1 Rb7 34.Rb1 Rb4 35.Ne1 Qa7 36.Nc2 Rb7
37.Qe3 Rhh7 38.Ra4 Rhe7 39.Qd3 Kg7 40.Rg1 Kf8 41.Ne1 Rh7 42.Nf3 Rbe7 43.Ng5
Bxg5 44.fxg5 Reg7 45.Qc3 Kg8 46.Qf6 Qe7 47.b4 {#r} 1-0

[Event "It"]
[Site "masterchessopen.com - Dresden (Germany)"]
[Round "3"]
[White "Padevsky Nikola (BUL)"]
[Black "Franz Irma"]
[Result "1-0"]
[WhiteElo "2355"]
[BlackElo "1330"]

1.d4 e6 2.Nf3 Nf6 3.c4 c5 4.d5 exd5 5.cxd5 d6 6.Nc3 g6 7.e4 Bg7 8.Bg5 O-O
9.Nd2 Re8 10.Be2 a6 11.a4 Qc7 12.O-O h6 13.Bh4 Nh7 14.f4 f5 15.Bf3 Nd7 16.exf5
gxf5 17.Bh5 Re3 18.Nc4 Rxc3 19.bxc3 Bxc3 20.Ra3 Bd4+ 21.Bf2 Bg7 22.Qb1 Nhf6
23.Bf3 Rb8 24.Rb3 Nf8 25.Rb6 Bd7 26.Qb3 Ng6 27.g3 Rd8 28.Rxb7 Bxa4 29.Qb2 Qc8
30.Rxg7+ Kxg7 31.Nb6 Qb7 32.Nxa4 Qb5 33.Qc2 Rb8 34.Re1 Qb3 35.Qxb3 Rxb3 36.Kg2
Rd3 37.Nb2 {#r} 1-0

[Event "Ch URS"]
[Site "masterchessopen.com - Tbilisi (Georgia)"]
[Round "0"]
[White "Geller Efim P (RUS)"]
[Black "Tal Mikhail N (LAT)"]
[Result "0-1"]
[WhiteElo "2455"]
[BlackElo "2520"]

1.d4 Nf6 2.c4 c5 3.d5 e6 4.Nc3 exd5 5.cxd5 d6 6.e4 g6 7.Nf3 Bg7 8.Bg5 a6 9.a4
h6 10.Bf4 Bg4 11.Be2 O-O 12.O-O Re8 13.Qc2 Qc7 14.Rfe1 Nbd7 15.h3 Bxf3 16.Bxf3
c4 17.Be2 Rac8 18.a5 Nc5 19.Bxc4 Nfxe4 20.Nxe4 Rxe4 21.Rxe4 Nxe4 22.Qxe4 Qxc4
23.Qf3 Qb4 24.Qg3 Qxb2 25.Re1 Qb5 26.Qf3 Bf8 27.h4 Qxa5 28.Rb1 b5 29.h5 g5
30.Qg3 Qa2 31.Rd1 Qe2 32.Rd3 Bg7 33.Qh3 Rc2 34.Bxd6 Rc1+ 35.Kh2 Qxf2 36.Rf3
Qg1+ 37.Kg3 Qe1+ 38.Kh2 Be5+ 39.Bxe5 Qxe5+ 40.Qg3 Qxd5 41.Rd3 Qc5 42.Qg4 Qe5+
{#R} 0-1

[Event "It"]
[Site "masterchessopen.com - Asuncion (Paraguay)"]
[Round "0"]
[White "Szabo Laszlo (HUN)"]
[Black "Cantero Ramon Eloy (ESP)"]
[Result "1-0"]
[WhiteElo "1903"]
[BlackElo "2084"]

1.d4 Nf6 2.c4 e6 3.Nc3 c5 4.d5 exd5 5.cxd5 d6 6.e4 g6 7.Nf3 Bg7 8.Bg5 O-O
9.Nd2 Re8 10.Be2 Na6 11.O-O Nc7 12.f4 Rb8 13.a4 a6 14.a5 Bd7 15.Bf3 h6 16.Bh4
g5 17.fxg5 Nh7 18.Bh5 Nxg5 19.Bxf7+ Kh8 20.Bxe8 Bxe8 21.Kh1 Bg6 22.Qg4 Ne8
23.Bxg5 Qxg5 24.Qxg5 hxg5 25.Rae1 b5 26.axb6 Rxb6 27.e5 Bxe5 28.Nc4 Bxc3
29.bxc3 Rb8 30.Re6 Bf7 31.Re7 Bg8 32.h4 Ng7 33.Nxd6 Bxd5 34.Nf7+ Bxf7 {#r} 1-0

[Event "Ch Yugoslavia"]
[Site "masterchessopen.com - Ljubljana (Slovenia)"]
[Round "0"]
[White "Bertok Mario (CRO)"]
[Black "Matulovic Milan (SRB)"]
[Result "1-0"]
[WhiteElo "2282"]
[BlackElo "2394"]

1.d4 Nf6 2.c4 c5 3.d5 e6 4.Nc3 exd5 5.cxd5 d6 6.e4 g6 7.Nf3 Bg7 8.Bg5 h6 9.Bh4
a6 10.Nd2 b5 11.a4 b4 12.Ncb1 g5 13.Bg3 Qe7 14.f3 Nh5 15.Nc4 Nxg3 16.hxg3 Nd7
17.Nbd2 Be5 18.g4 Bg3+ 19.Ke2 Ne5 20.Nxe5 Bxe5 21.Nc4 Bd4 22.Kd2 Kd8 23.Rc1 a5
24.b3 Kc7 25.Kc2 Qf6 26.Kb1 Ba6 27.Nd2 Bc3 28.Bxa6 Bxd2 29.Qxd2 Rxa6 30.Rh5
Kb7 31.Qb2 Qxb2+ 32.Kxb2 Raa8 33.Rch1 Rac8 34.Rxh6 Rhd8 35.Rf6 Rd7 36.Rh7 Rcc7
37.Rhh6 c4 38.Rxd6 Rxd6 39.Rxd6 cxb3 40.Rf6 Kc8 41.Ra6 Rc5 42.Ra7 f6 43.Ra6
Kb7 44.Rxf6 Rc3 45.Rg6 Rd3 46.Rxg5 Kb6 47.d6 Rxd6 48.Kxb3 Rd3+ 49.Kc4 Rc3+
50.Kd4 Ra3 51.Rb5+ Ka6 52.g5 Rxa4 53.Rb8 Ka7 54.g6 Kxb8 55.g7 Ra3 56.g8=Q+ Kb7
57.Kc5 Rc3+ 58.Kb5 Rc8 59.Qf7+ Rc7 60.Qd5+ {#r} 1-0

[Event "Ch Hungary"]
[Site "masterchessopen.com - Budapest (Hungary)"]
[Round "0"]
[White "Somogyi Istvan (HUN)"]
[Black "Sapi Laszlo (HUN)"]
[Result "1-0"]
[WhiteElo "2205"]
[BlackElo "2275"]

1.d4 Nf6 2.c4 c5 3.d5 e6 4.Nc3 exd5 5.cxd5 g6 6.e4 d6 7.Nf3 Bg7 8.Bg5 h6 9.Bh4
g5 10.Bg3 Nh5 11.Bb5+ Bd7 12.Bxd7+ Qxd7 13.Ne5 dxe5 14.Qxh5 Na6 15.O-O Nb4
16.Qe2 h5 17.f3 Rc8 18.a3 Na6 19.Rac1 Rh6 20.Nd1 h4 21.Bf2 b5 22.Ne3 Rb6
23.Rfd1 Bf8 24.Nf5 Bd6 25.Be3 f6 26.Qf2 b4 27.axb4 Rxb4 28.Ra1 Rb6 29.Rdc1 Bf8
30.Ra5 Rcb8 31.Qe2 Nc7 32.Rxa7 Rxb2 33.Qd1 h3 34.gxh3 Qh7 35.Rc2 Rb1 36.Bc1
R8b7 37.Rca2 c4 38.Rxb7 Rxb7 39.d6 Qd7 40.f4 Ne6 41.Ra8+ Nd8 42.fxe5 Qf7
43.Qa4+ Qd7 44.Qxc4 Ra7 45.e6 {#r} 1-0

[Event "Zt"]
[Site "masterchessopen.com - Halle (Germany)"]
[Round "0"]
[White "Kanko Ilkka (FIN)"]
[Black "Westerinen Heikki M J (FIN)"]
[Result "0-1"]
[WhiteElo "2231"]
[BlackElo "2340"]

1.d4 Nf6 2.c4 c5 3.d5 e6 4.Nc3 exd5 5.cxd5 g6 6.e4 d6 7.Nf3 Bg7 8.Bg5 O-O
9.Nd2 Re8 10.Be2 Na6 11.O-O Nc7 12.f4 Rb8 13.e5 dxe5 14.Nde4 Bf5 15.fxe5 Rxe5
16.Nxf6+ Bxf6 17.Bf4 Re8 18.d6 Ne6 19.d7 Bd4+ 20.Kh1 Qxd7 21.Bxb8 Rxb8 22.Nb5
Rd8 23.Nxd4 cxd4 24.Bd3 Bxd3 25.Qxd3 Qd5 26.b4 Rc8 27.Rf2 Rc3 28.Qd2 Ng5
29.Qf4 Nh3 30.Qb8+ Kg7 31.Rd2 Qg5 32.Re2 Rc1+ 33.Re1 Nf2+ 34.Kg1 Qe3 {#R} 0-1

[Event "Tournament"]
[Site "masterchessopen.com - Leningrad (Russia)"]
[Round "0"]
[White "Gulko Boris F (USA)"]
[Black "Sherbakov V (RUS)"]
[Result "1-0"]
[WhiteElo "2535"]
[BlackElo "2432"]

1.d4 Nf6 2.c4 e6 3.Nf3 c5 4.d5 exd5 5.cxd5 d6 6.Nc3 g6 7.e4 Bg7 8.Bg5 O-O
9.Nd2 b6 10.Be2 Ba6 11.O-O Re8 12.Re1 Bxe2 13.Rxe2 a6 14.a4 Nbd7 15.f4 Qc7
16.Nc4 Ng4 17.e5 dxe5 18.Re1 f6 19.Qxg4 fxg5 20.fxg5 Rf8 21.Rf1 Rae8 22.Rxf8+
Nxf8 23.Ne4 Rd8 24.d6 Qc6 25.Nf6+ Bxf6 26.gxf6 b5 27.axb5 axb5 28.f7+ Kg7
29.Qg5 Qd7 30.Qxe5+ Kxf7 31.Nb6 Qb7 32.Nd5 {#r} 1-0

[Event "Ch Europe (team) (1/2 final)"]
[Site "masterchessopen.com - Sinaya (Romania)"]
[Round "0"]
[White "Forintos Gyozo V (HUN)"]
[Black "Golz Werner (GER)"]
[Result "1-0"]
[WhiteElo "2317"]
[BlackElo "2410"]

1.c4 Nf6 2.d4 c5 3.d5 e6 4.Nc3 exd5 5.cxd5 d6 6.Nf3 g6 7.e4 Bg7 8.Bg5 h6 9.Bh4
g5 10.Bg3 Nh5 11.Bb5+ Bd7 12.Bxd7+ Qxd7 13.Ne5 Qe7 14.Qxh5 Bxe5 15.Bxe5 Qxe5
16.h4 gxh4 17.Qxe5+ dxe5 18.Rxh4 Nd7 19.Ke2 Ke7 20.Nd1 Nf6 21.Ne3 h5 22.Rc1
Rac8 23.Nc4 Rhg8 24.Nxe5 Rxg2 25.Kf3 Rgg8 26.Kf4 Rg2 27.Kf3 Rg5 28.Kf4 Rg2
29.Ke3 Re8 30.Kf3 Rg7 31.Rf4 Rg5 32.Nd3 Nd7 33.Nxc5 Ne5+ 34.Ke2 Ng6 35.Rf3 b6
36.Nd3 Kf8 37.Re3 h4 38.a4 h3 39.Rh1 Rg4 40.Kf3 Rh4 41.Rh2 Ke7 42.Kg3 Reh8
43.b3 R4h5 44.f4 Rg8 45.Kf2 Rh4 46.Rexh3 Rg4 {#r} 1-0

[Event "Olympiad"]
[Site "masterchessopen.com - Tel Aviv (Israel)"]
[Round "6"]
[White "Kanko Ilkka (FIN)"]
[Black "Kokkoris Hristos (GRE)"]
[Result "1-0"]
[WhiteElo "2231"]
[BlackElo "2310"]

1.c4 Nf6 2.Nc3 e6 3.d4 c5 4.d5 exd5 5.cxd5 g6 6.Nf3 d6 7.e4 Bg7 8.Bg5 O-O
9.Nd2 Re8 10.Be2 Na6 11.O-O Nc7 12.Kh1 Rb8 13.a4 a6 14.f4 h6 15.Bh4 b5 16.e5
dxe5 17.Nde4 g5 18.fxg5 Nxe4 19.Nxe4 Nxd5 20.Rxf7 Kxf7 21.g6+ Kxg6 22.Bh5+ Kh7
23.Bxd8 Rxd8 24.Bf7 Bb7 25.Ng5+ Kh8 26.Be6 Ne3 27.Nf7+ Kh7 28.Qb1+ e4 29.Nxd8
Rxd8 30.Qa2 Rd2 31.axb5 Bxb2 32.Bg8+ Kg6 33.Qf7+ Kg5 34.h4+ Kg4 35.Qg6+ Kf4
36.Qxh6+ Ke5 37.Qxe3 Rc2 38.Qg5+ Kd4 39.Rd1+ Kc3 40.Qxc5# 1-0

[Event "Ch World (team) (under 26) (prel-E)"]
[Site "masterchessopen.com - Krakow (Poland)"]
[Date "1964.07.20"]
[Round "3"]
[White "Schmidt Gerhard (GER)"]
[Black "Spassov Liuben (BUL)"]
[Result "0-1"]
[WhiteElo "2078"]
[BlackElo "2367"]

1.d4 Nf6 2.c4 e6 3.Nf3 c5 4.d5 exd5 5.cxd5 d6 6.Nc3 g6 7.e4 Bg7 8.Bg5 h6 9.Bh4
g5 10.Bg3 Nh5 11.Bb5+ Kf8 12.Be2 Nxg3 13.hxg3 Nd7 14.O-O a6 15.a4 Rb8 16.Nd2
Ne5 17.Bh5 g4 18.f4 gxf3 19.Nxf3 Bg4 20.Nxe5 Bxd1 21.Nxf7 Bd4+ 22.Kh2 Qb6
23.Raxd1 Kg8 24.e5 Qxb2 25.Rxd4 cxd4 26.Ne4 dxe5 27.d6 Kg7 28.d7 Qc2 29.Ned6
Rhf8 30.Nf5+ Kh7 31.N5xh6 Rbd8 32.g4 Rxd7 33.g5 Rdxf7 34.Nxf7 d3 35.Rf6 d2
36.Rh6+ Kg7 37.Nxe5 d1=Q 38.Bxd1 Qf5 39.Rg6+ Qxg6 40.Nxg6 Kxg6 41.a5 {#R} 0-1

[Event "Olympiad"]
[Site "masterchessopen.com - Habana (Cuba)"]
[Round "0"]
[White "Pietzsch Wolfgang W (GDR)"]
[Black "Cappello Guido (ITA)"]
[Result "1-0"]
[WhiteElo "2420"]
[BlackElo "2215"]

1.d4 Nf6 2.Nf3 g6 3.c4 c5 4.d5 e6 5.Nc3 exd5 6.cxd5 d6 7.e4 Bg7 8.Bg5 h6 9.Bh4
g5 10.Bg3 Nh5 11.Bb5+ Kf8 12.Be2 Nxg3 13.hxg3 a6 14.a4 Nd7 15.Nd2 Rb8 16.Qc2
Ne5 17.a5 b5 18.axb6 Rxb6 19.Ra2 g4 20.Nd1 h5 21.Ne3 Rb4 22.Nec4 Nxc4 23.Nxc4
Qe7 24.Ne3 Bd4 25.Bxa6 Bxa6 26.Rxa6 Bxe3 27.fxe3 Qe5 28.O-O Rxb2 29.Qa4 Qe7
30.Ra7 Rb7 31.Qa1 {#r} 1-0

[Event "Zt"]
[Site "masterchessopen.com - Hague (Netherlands)"]
[Round "0"]
[White "Tringov Georgi P (BUL)"]
[Black "Littleton Michael F (IRL)"]
[Result "1-0"]
[WhiteElo "2379"]
[BlackElo "2275"]

1.d4 Nf6 2.c4 c5 3.d5 e6 4.Nc3 exd5 5.cxd5 d6 6.e4 g6 7.Nf3 Bg7 8.Bg5 O-O
9.Nd2 Na6 10.Be2 h6 11.Bh4 Re8 12.O-O Nc7 13.f4 b6 14.a4 Rb8 15.Bd3 Qd7
16.Bxf6 Bxf6 17.e5 dxe5 18.Nde4 Bg7 19.d6 Ne6 20.Bb5 Qd8 21.d7 {#r} 1-0

[Event "It"]
[Site "masterchessopen.com - Hastings (England)"]
[Round "2"]
[White "Gheorghiu Florin (ROM)"]
[Black "Hartston William R (ENG)"]
[Result "1-0"]
[WhiteElo "2383"]
[BlackElo "2430"]

1.d4 Nf6 2.c4 c5 3.d5 e6 4.Nc3 exd5 5.cxd5 d6 6.e4 g6 7.Nf3 Bg7 8.Bg5 O-O
9.Nd2 Re8 10.Be2 b6 11.O-O Ba6 12.f3 Qc7 13.Bxa6 Nxa6 14.Nc4 Qd7 15.a4 Nc7
16.Qd2 Nh5 17.g4 Bd4+ 18.Kh1 Ng7 19.Bf4 Be5 20.Bxe5 dxe5 21.d6 Na6 22.Nd5 Re6
23.f4 exf4 24.Qxf4 Ne8 25.Ne7+ Rxe7 26.dxe7 Qxe7 27.g5 Nac7 28.Ne5 Nd6 29.Ng4
Qxe4+ 30.Qxe4 Nxe4 31.Nh6+ Kh8 32.Rxf7 Ne6 33.h4 Nd4 34.Re1 Ng3+ 35.Kg2 Ngf5
36.Rxa7 {#r} 1-0

[Event "?"]
[Site "masterchessopen.com - Hastings (England)"]
[Round "0"]
[White "Mecking Henrique (BRA)"]
[Black "Keene Raymond D (ENG)"]
[Result "1-0"]
[WhiteElo "2578"]
[BlackElo "2455"]

1.d4 Nf6 2.c4 c5 3.d5 e6 4.Nc3 exd5 5.cxd5 d6 6.Nf3 g6 7.e4 Bg7 8.Bg5 h6 9.Bh4
g5 10.Bg3 Nh5 11.Bb5+ Kf8 12.Be2 Nxg3 13.hxg3 a6 14.Qc2 Nd7 15.a4 Qe7 16.Nd2
Bd4 17.Rf1 Kg7 18.O-O-O b5 19.axb5 Nb6 20.Nb3 Bxc3 21.Qxc3+ f6 22.f4 Na4
23.Qc2 axb5 24.Bxb5 Ba6 25.Bxa6 Rxa6 26.e5 dxe5 27.fxe5 fxe5 28.d6 Rxd6
29.Rxd6 Qxd6 30.Qe4 Rd8 31.Qxa4 Qd3 32.Rh1 c4 33.Qa7+ Kg8 34.Nc5 Qd2+ 35.Kb1
c3 36.bxc3 Qxc3 37.Qb6 {#r} 1-0

[Event "Ch World (team) (students)"]
[Site "masterchessopen.com - Oerebro (Sweden)"]
[Round "1"]
[White "Gheorghiu Florin (ROM)"]
[Black "Rivera Daniel (URU)"]
[Result "1-0"]
[WhiteElo "2383"]
[BlackElo "2331"]

1.d4 Nf6 2.c4 e6 3.Nc3 c5 4.d5 exd5 5.cxd5 d6 6.e4 g6 7.Nf3 Bg7 8.Bg5 h6 9.Bh4
g5 10.Bg3 Nh5 11.Bb5+ Kf8 12.Be2 Nxg3 13.hxg3 Qe7 14.Nd2 Na6 15.O-O Nc7 16.a4
b6 17.Bg4 Bxg4 18.Qxg4 Re8 19.Nc4 Bxc3 20.bxc3 h5 21.Qf5 Qxe4 22.Qf6 Rh7
23.Nxd6 Qxd5 24.Rad1 Qe6 25.Nxe8 Nxe8 26.Qxg5 Qf6 27.Qxf6 Nxf6 28.f3 Rg7
29.Kh2 Rg5 30.c4 Re5 31.Rfe1 Rxe1 32.Rxe1 Ne8 {#r} 1-0

[Event "Match \"]
[Site "masterchessopen.com - Sukhumi (Georgia)"]
[Round "1"]
[White "Gulko Boris F (USA)"]
[Black "Despotovic Momcilo (SRB)"]
[Result "1-0"]
[WhiteElo "2535"]
[BlackElo "2288"]

1.d4 Nf6 2.c4 c5 3.d5 e6 4.Nc3 exd5 5.cxd5 d6 6.e4 g6 7.Nf3 Bg7 8.Bg5 h6 9.Bh4
g5 10.Bg3 Nh5 11.Bb5+ Bd7 12.Bxd7+ Qxd7 13.Ne5 dxe5 14.Qxh5 b5 15.O-O O-O
16.h4 f6 17.Rac1 Rc8 18.Nd1 Qf7 19.Qe2 a6 20.Ne3 Nd7 21.b3 Nb6 22.f3 Rc7
23.Bf2 Bf8 24.Qd2 a5 25.Nf5 Nd7 26.Rfd1 Rca7 27.Kf1 Kh7 28.Be3 b4 29.hxg5 fxg5
30.Kf2 Qg6 31.Rh1 Kg8 32.Rxh6 Bxh6 33.Ne7+ Kf7 34.Nxg6 Kxg6 35.Bxc5 Ra6 36.Be3
a4 37.Rc6+ Nf6 38.Rxa6 Rxa6 39.Qxb4 axb3 40.Qxb3 Bf8 41.a4 g4 42.Qb5 Ra8
43.Qc6 Rb8 44.Bb6 {#r} 1-0

[Event "Ch DDR"]
[Site "masterchessopen.com - Colditz (Germany)"]
[Round "4"]
[White "Golz Werner (GER)"]
[Black "Pietzsch Wolfgang W (GDR)"]
[Result "0-1"]
[WhiteElo "2410"]
[BlackElo "2420"]

1.d4 e6 2.c4 c5 3.d5 exd5 4.cxd5 d6 5.Nc3 Nf6 6.e4 g6 7.Nf3 Bg7 8.Bg5 h6 9.Bh4
g5 10.Bg3 Nh5 11.Bb5+ Kf8 12.Be2 Nxg3 13.hxg3 Nd7 14.Nd2 a6 15.a4 Ne5 16.Nf1
Rb8 17.Ne3 h5 18.Qc2 g4 19.Nf5 Bxf5 20.exf5 Qg5 21.Rh4 Re8 22.Kf1 Nd7 23.Bd3
Bxc3 24.bxc3 Re5 25.c4 Kg7 26.Kg1 Rhe8 27.Rf1 Re1 28.Qc3+ Qf6 29.Qd2 Rxf1+
30.Bxf1 Qxf5 31.Bd3 Qe5 32.Kh2 Nf6 33.a5 Rh8 34.Bc2 Rb8 35.Qd3 b5 36.f4 Qd4
37.Qf5 bxc4 38.Rxh5 Nxh5 39.Qh7+ Kf6 40.Qxh5 Ke7 {#R} 0-1

[Event "?"]
[Site "masterchessopen.com - DDR"]
[Round "0"]
[White "Vogt Lothar (GER)"]
[Black "Espig Lutz (GER)"]
[Result "0-1"]
[WhiteElo "2410"]
[BlackElo "2346"]

1.d4 Nf6 2.c4 c5 3.d5 e6 4.Nc3 exd5 5.cxd5 d6 6.Nf3 g6 7.e4 Bg7 8.Bg5 h6 9.Bh4
g5 10.Bg3 Nh5 11.Bb5+ Kf8 12.Be2 Nxg3 13.hxg3 Nd7 14.Nd2 Ne5 15.f4 Ng6 16.Bh5
Qf6 17.Qc2 gxf4 18.O-O-O fxg3 19.Rdf1 Qg5 20.Kb1 Nf4 21.Nf3 Qd8 22.Bxf7 Kxf7
23.Ne1 Rf8 24.Nd3 Kg8 25.Nxf4 Qg5 26.Nce2 Bg4 27.Ne6 Bxe6 28.dxe6 Rxf1+
29.Rxf1 Rf8 30.Rf5 Qe7 31.Nf4 Re8 32.Qb3 Qh4 33.Qxb7 Re7 34.Qb8+ Kh7 35.Qxd6
Rb7 36.e5 Qh1+ 37.Kc2 Qa1 38.Nd3 c4 39.Nb4 Qe1 40.e7 Rxe7 41.Qxe7 Qe4+ 42.Kc3
Qxf5 43.Kxc4 Qe4+ 44.Kc5 Qxg2 45.Nd5 Qf2+ 46.Kc6 Qf3 47.Qxa7 Qe4 48.Qe3 Qg6+
49.Nf6+ Bxf6 50.exf6 Qxf6+ 51.Kd5 g2 52.Qg1 Qf1 53.Qa7+ Kg6 54.Qb6+ Kh5 {#R}
0-1

[Event "Zt"]
[Site "masterchessopen.com - Halle (Germany)"]
[Round "0"]
[White "Uhlmann Wolfgang (GER)"]
[Black "Kinnmark Ove (SWE)"]
[Result "1-0"]
[WhiteElo "2379"]
[BlackElo "2279"]

1.d4 Nf6 2.c4 e6 3.Nf3 c5 4.d5 exd5 5.cxd5 d6 6.Nc3 g6 7.e4 Bg7 8.Bg5 Bg4
9.Qa4+ Bd7 10.Qb3 Qc7 11.Nd2 O-O 12.Be2 Re8 13.O-O Na6 14.Rae1 Rab8 15.Bb5 Ng4
16.h3 Ne5 17.Bxd7 Qxd7 18.Qb5 Nc7 19.Qxd7 Nxd7 20.Nc4 Bf8 21.Bf4 Ne5 22.Bxe5
dxe5 23.a4 b6 24.Rd1 Rbd8 25.d6 Na6 26.a5 Re6 27.axb6 axb6 28.Nb5 g5 29.Nc7
Nxc7 30.dxc7 Rc8 31.Rd8 Rxc7 32.Ra1 f5 33.exf5 Rf6 34.g4 Re7 35.Raa8 h5
36.Rab8 {#r} 1-0

[Event "?"]
[Site "masterchessopen.com - Hungary"]
[Round "0"]
[White "Forintos Gyozo V (HUN)"]
[Black "Kende Gyorgy (HUN)"]
[Result "1-0"]
[WhiteElo "2317"]
[BlackElo "2248"]

1.d4 Nf6 2.c4 e6 3.Nc3 c5 4.d5 exd5 5.cxd5 g6 6.e4 d6 7.Nf3 Bg7 8.Bg5 h6 9.Bh4
O-O 10.Nd2 Re8 11.Be2 b6 12.O-O Ba6 13.f4 Qd7 14.h3 Qb7 15.Bxa6 Nxa6 16.Qf3 b5
17.Rae1 Nd7 18.e5 dxe5 19.Nde4 Qb6 20.f5 g5 21.f6 Bh8 22.Bxg5 hxg5 23.Qh5 Nf8
24.Nxg5 Qb7 25.Re4 {#r} 1-0

[Event "It"]
[Site "masterchessopen.com - Zinnowitz (Germany)"]
[Round "14"]
[White "Uhlmann Wolfgang (GER)"]
[Black "Golz Werner (GER)"]
[Result "1-0"]
[WhiteElo "2379"]
[BlackElo "2410"]

1.c4 Nf6 2.d4 c5 3.d5 e6 4.Nc3 exd5 5.cxd5 d6 6.e4 g6 7.Bg5 Bg7 8.Nf3 h6 9.Bf4
g5 10.Bb5+ Kf8 11.Be3 Ng4 12.Bd2 a6 13.Be2 Nd7 14.h4 Nge5 15.hxg5 Nxf3+
16.gxf3 hxg5 17.Rg1 Bf6 18.Be3 Ne5 19.Qd2 Rh3 20.O-O-O Nxf3 21.Bxf3 Rxf3
22.Bxg5 Bxg5 23.Rxg5 Rxf2 24.Rg8+ Kxg8 25.Rg1+ Kf8 26.Qh6+ Ke7 27.Qh4+ Kd7
28.Qxf2 Qe8 29.Rg7 Kc7 30.Rxf7+ Bd7 31.Qf4 Rd8 32.Na4 Qg8 33.Kc2 Qg2+ 34.Kb3
Qg1 35.Nc3 Qd4 36.a3 b5 37.Qf2 Qc4+ 38.Kc2 b4 39.axb4 cxb4 40.Qa7+ Kc8 41.Rf3
Ba4+ 42.Kd2 Be8 43.b3 Qc7 44.Qxa6+ Kb8 45.Ne2 Rc8 46.Rf6 Qc2+ 47.Ke1 Qxe4
48.Qxd6+ Rc7 49.Rf4 Qh1+ 50.Kd2 Kc8 51.Rxb4 Qh7 52.Qa6+ Kd8 53.Rb8+ {#r} 1-0

[Event "Memorial Em.Lasker"]
[Site "masterchessopen.com - Berlin (Germany)"]
[Round "0"]
[White "Uhlmann Wolfgang (GER)"]
[Black "Espig Lutz (GER)"]
[Result "1-0"]
[WhiteElo "2379"]
[BlackElo "2346"]

1.d4 Nf6 2.c4 c5 3.d5 e6 4.Nc3 exd5 5.cxd5 d6 6.e4 g6 7.Nf3 Bg7 8.Bg5 h6 9.Bh4
g5 10.Bg3 Nh5 11.Bb5+ Kf8 12.Be2 Nxg3 13.hxg3 Nd7 14.Nd2 a6 15.a4 Ne5 16.g4
Rb8 17.g3 Qd7 18.f3 b5 19.axb5 axb5 20.Qb3 b4 21.Nd1 Bf6 22.Ne3 Qc7 23.Kf2 Kg7
24.f4 Ng6 25.Nf5+ Bxf5 26.gxf5 Nf8 27.Ra6 Rb6 28.Rxb6 Qxb6 29.Nc4 Bd4+ 30.Kg2
Qd8 31.Qf3 Qf6 32.Ra1 gxf4 33.Ra6 fxg3 34.Rxd6 Qe7 35.Bd3 Nh7 36.Qxg3+ Kf8
37.Rb6 Nf6 38.Rb8+ Ne8 39.Nd6 Be5 40.f6 {#r} 1-0

[Event "It"]
[Site "masterchessopen.com - Cardenas (Cuba)"]
[Round "0"]
[White "Yepez Olavo (ECU)"]
[Black "Castillo Francisco (NCA)"]
[Result "1-0"]
[WhiteElo "2305"]
[BlackElo "2093"]

1.d4 Nf6 2.c4 c5 3.d5 e6 4.Nc3 exd5 5.cxd5 d6 6.e4 g6 7.Nf3 Bg7 8.Bg5 O-O
9.Nd2 h6 10.Bh4 Re8 11.Be2 Na6 12.O-O Nc7 13.a4 b6 14.f4 Qd7 15.Bxf6 Bxf6
16.e5 Bg7 17.Nce4 Ba6 18.Bxa6 Nxa6 19.Nxd6 Rf8 20.Qe2 Nc7 21.Rad1 Rad8 22.b3
Ne8 23.N2e4 Nxd6 24.Nxd6 f6 25.Nc4 fxe5 26.fxe5 Rxf1+ 27.Qxf1 Qe8 28.Qf4 a6
29.e6 Bd4+ 30.Kh1 Rxd5 31.Qe4 Rd8 32.e7 Rd7 33.Qe6+ Kg7 34.Re1 Bc3 35.Qxd7
{#r} 1-0

[Event "Zt"]
[Site "masterchessopen.com - Quito (Ecuador)"]
[Round "0"]
[White "Yepez Olavo (ECU)"]
[Black "Idrovo Franklin (ECU)"]
[Result "1-0"]
[WhiteElo "2305"]
[BlackElo "2225"]

1.d4 Nf6 2.c4 e6 3.Nc3 c5 4.d5 exd5 5.cxd5 d6 6.e4 g6 7.Nf3 Bg7 8.Bg5 a6 9.Nd2
b5 10.Be2 Qc7 11.Qc2 O-O 12.a4 b4 13.Nd1 Ne8 14.g4 f5 15.gxf5 gxf5 16.Ne3 fxe4
17.Rg1 Qf7 18.O-O-O Kh8 19.Ndc4 Nd7 20.Qxe4 Qxf2 21.Rg2 Qf7 22.Rf1 Ndf6 23.Qh4
Rb8 24.Rgf2 Qg6 25.b3 Kg8 26.Rg2 Nd7 27.Rfg1 Kh8 28.Be7 Bf6 29.Qe1 Qe4 30.Bxf8
h6 31.Bd1 Bg5 32.Bxh6 Ne5 33.Bc2 Qd4 34.Kb1 Nd3 35.Rxg5 {#r} 1-0

[Event "Ch DDR"]
[Site "masterchessopen.com - Schwerin (Germany)"]
[Round "17"]
[White "Bindrich Oswald (GER)"]
[Black "Golz Werner (GER)"]
[Result "0-1"]
[WhiteElo "2176"]
[BlackElo "2410"]

1.d4 Nf6 2.c4 c5 3.d5 e6 4.Nc3 exd5 5.cxd5 d6 6.e4 g6 7.Nf3 Bg7 8.Bg5 h6 9.Bh4
g5 10.Bg3 Nh5 11.Bd3 O-O 12.O-O Nxg3 13.hxg3 Nd7 14.Nd2 Ne5 15.Nc4 Nxc4
16.Bxc4 a6 17.a4 Qa5 18.Qb3 Rb8 19.Rfe1 Bd7 20.f3 Rfe8 21.g4 Be5 22.Kf2 Kg7
23.g3 Qd8 24.a5 b5 25.axb6 Rxb6 26.Qc2 Qf6 27.Kg2 Reb8 28.Reb1 Rxb2 29.Rxb2
Rxb2 30.Qxb2 Bxc3 31.Qb7 Bxa1 {#R} 0-1

[Event "?"]
[Site "masterchessopen.com - URS"]
[Round "0"]
[White "Karner Hillar (EST)"]
[Black "Roizman Abram Y (BLR)"]
[Result "1-0"]
[WhiteElo "2251"]
[BlackElo "2315"]

1.d4 Nf6 2.c4 e6 3.Nc3 c5 4.d5 exd5 5.cxd5 d6 6.Nf3 g6 7.e4 Bg7 8.Bg5 h6 9.Bh4
g5 10.Bg3 Nh5 11.Bb5+ Kf8 12.Be2 Nxg3 13.fxg3 Nd7 14.O-O Ne5 15.Nxe5 Bxe5
16.Bg4 Kg7 17.Bxc8 Rxc8 18.Qf3 Rf8 19.Kh1 Qe7 20.Rae1 Rce8 21.Nd1 Bd4 22.g4 f6
23.b3 Qd7 24.g3 Re5 25.Nf2 Bxf2 26.Rxf2 Qf7 27.h4 Qd7 28.h5 b5 29.Kg2 a6
30.Kh3 Qe7 31.Kg2 c4 32.bxc4 bxc4 33.Rb1 Rc8 34.Qc3 Rf8 35.Qxc4 Rxe4 36.Qxa6
Rf7 37.Rb8 Re1 38.Qd3 Qe4+ 39.Qxe4 Rxe4 40.Rd8 Rxg4 41.Rxd6 Ra4 42.Re6 g4
43.d6 Rd4 44.Rfe2 Rd5 45.R2e4 Rd2+ 46.Kf1 f5 47.Rg6+ Kf8 48.Re2 Rd3 49.Rxh6
Rxg3 50.Rh8+ Kg7 51.Re7 Rd3 52.Rd8 Rh3 53.Rde8 Rxe7 54.Rxe7+ Kf8 55.Rh7 f4
56.Rh8+ Kg7 57.d7 g3 58.Rb8 Rh1+ 59.Kg2 Rh2+ 60.Kg1 {#r} 1-0

[Event "It"]
[Site "masterchessopen.com - Vilnius (Lithuania)"]
[Round "0"]
[White "Portisch Ferenc (HUN)"]
[Black "Timoscenko Gennadij (SVK)"]
[Result "0-1"]
[WhiteElo "2342"]
[BlackElo "2483"]

1.d4 Nf6 2.c4 c5 3.d5 e6 4.Nc3 exd5 5.cxd5 d6 6.e4 g6 7.Nf3 Bg7 8.Bg5 h6 9.Bh4
g5 10.Bg3 Nh5 11.Bb5+ Kf8 12.O-O Nxg3 13.fxg3 a6 14.Be2 Nd7 15.a4 Qe7 16.Qc2
h5 17.Nd1 Ne5 18.Ra3 Bd7 19.Nxe5 Bxe5 20.Ne3 Bd4 21.Kh1 Re8 22.Nc4 Kg7 23.Raf3
f6 24.Ne3 Qxe4 25.Bd3 Qe7 26.Nf5+ Bxf5 27.Rxf5 h4 28.Qd1 hxg3 29.h3 Rh4 30.Qf3
Be5 31.Bb1 Reh8 32.Re1 Qf7 33.a5 g4 34.Qd3 gxh3 35.Rexe5 hxg2+ 36.Kxg2 Rh2+
37.Kf3 dxe5 38.d6 g2 {#R} 0-1

[Event "Olympiad"]
[Site "masterchessopen.com - Siegen (Germany)"]
[Round "5"]
[White "Forintos Gyozo V (HUN)"]
[Black "Holm Sejer (DEN)"]
[Result "0-1"]
[WhiteElo "2317"]
[BlackElo "2222"]

1.d4 Nf6 2.c4 c5 3.d5 e6 4.Nc3 exd5 5.cxd5 d6 6.e4 g6 7.Nf3 Bg7 8.Bg5 h6 9.Bh4
a6 10.a4 g5 11.Bg3 Nh5 12.Nd2 Nxg3 13.hxg3 O-O 14.g4 Qe7 15.Be2 Nd7 16.Kf1 Ne5
17.g3 Rb8 18.Kg2 b5 19.axb5 axb5 20.Nf1 b4 21.Na4 b3 22.Ne3 Rb4 23.Nc3 Qc7
24.Ra3 Qb8 25.Rh5 Re8 26.Qh1 Ng6 27.Bf3 Rb7 28.Ncd1 Ra7 29.Rxa7 Qxa7 30.Rxh6
Bxh6 31.Qxh6 Qe7 32.Nf5 Qf6 33.Kg1 c4 34.Nc3 Bd7 35.Be2 Ra8 36.Bxc4 Ra1+
37.Bf1 Rc1 38.e5 Qxe5 39.Qxg5 Qe1 40.Qd8+ Kh7 41.Ne3 Bxg4 42.Ne4 Qe2 43.Nf6+
Kg7 44.Nfxg4 Rxf1+ 45.Nxf1 Qxg4 46.Qxd6 Qd4 47.Qa3 Qd1 48.Qc5 Ne5 49.d6 f6
50.Kg2 Qf3+ 51.Kg1 Qd1 52.f4 Nf3+ 53.Kg2 Nd4 54.Nh2 Qc2+ 55.Kh3 Qxc5 {#R} 0-1